Faculty of Law Library — Cairo University

Official Online Catalog

Traité Élémentaire De Droit Criminel : (Record no. 71004)

MARC details
000 -LEADER
fixed length control field 01106nam a2200265 i 4500
003 - CONTROL NUMBER IDENTIFIER
control field EG-GICUC
005 - DATE AND TIME OF LATEST TRANSACTION
control field 20260513115037.0
008 - FIXED-LENGTH DATA ELEMENTS--GENERAL INFORMATION
fixed length control field 260415s1896 fr |||fr|||| 00| 0 fre d
040 ## - CATALOGING SOURCE
Original cataloging agency EG-GiCUC
Language of cataloging fre
Transcribing agency EG-GiCUC
Modifying agency EG-GiCUC
Description conventions Rda
082 04 - DEWEY DECIMAL CLASSIFICATION NUMBER
Edition number 21
Classification number 343
Item number NO . T
092 04 - LOCALLY ASSIGNED DEWEY CALL NUMBER (OCLC)
Edition number 21
099 ## - LOCAL FREE-TEXT CALL NUMBER (OCLC)
Classification number Law1 10 343 NO . T 1896
100 1# - MAIN ENTRY--PERSONAL NAME
Personal name Normand, A
Relator term Auteur
245 10 - TITLE STATEMENT
Title Traité Élémentaire De Droit Criminel :
Remainder of title Comprenant Une Introduction Philosophique Et Une Introduction Historique L'explication Des Principes Généraux Du Code Penal De Code D'instruction Criminelle Et L'analyse Des Lois Les Plus Importantes Qui Ont Modifié Ou Complété Ces Deux Codes Depuis Leur Promulgation Jusqu'en 1806 /
Statement of responsibility, etc. Par A. Normand.
264 #1 - PRODUCTION, PUBLICATION, DISTRIBUTION, MANUFACTURE, AND COPYRIGHT NOTICE
Place of production, publication, distribution, manufacture Paris :
Name of producer, publisher, distributor, manufacturer A. Pedone, Éditeur,
Date of production, publication, distribution, manufacture, or copyright notice 1896.
300 ## - PHYSICAL DESCRIPTION
Extent 800 page ;
Dimensions 24 cm.
336 ## - CONTENT TYPE
Source rda contenu
Content type term texte
337 ## - MEDIA TYPE
Source rda medias
Media type term Ordinateur
338 ## - CARRIER TYPE
Source transporteur rda
Carrier type term Ressource en ligne
650 1# - SUBJECT ADDED ENTRY--TOPICAL TERM
Topical term or geographic name entry element Droit Do Pénal
Source of heading or term qrmak
651 1# - SUBJECT ADDED ENTRY--GEOGRAPHIC NAME
Source of heading or term qrmak
856 40 - ELECTRONIC LOCATION AND ACCESS
Uniform Resource Identifier <a href="https://fll.law.cu.edu.eg/fulltext/bks/B10-09289.pdf">https://fll.law.cu.edu.eg/fulltext/bks/B10-09289.pdf</a>
905 ## - Cataloger and Reviser Names
Cataloger Name: Yasmin Sayed
942 ## - ADDED ENTRY ELEMENTS (KOHA)
Source of classification or shelving scheme Dewey Decimal Classification
Koha item type Books
Edition 21
Suppress in OPAC No
Holdings
Withdrawn status Lost status Source of classification or shelving scheme Damaged status Not for loan Collection Home library Current library Date acquired Total checkouts Full call number Barcode Date last seen Copy number Price effective from Koha item type
    Dewey Decimal Classification   Not for loan القانون الجنائي جــــامعة القــاهرة مكتبة كلية الحقوق - المبنى الرئيسي 15.04.2026   Law1 10 343 NO . T 1896 1009289 C1 B10-09289 15.04.2026 1 15.04.2026 Books

© All rights reserved — Faculty of Law, Cairo University